Logo BPK

Biblioteka

Politechniki Koszalińskiej

Wielka encyklopedia geografii świata. (Rekord nr 34475)

Szczegóły MARC
000 -ETYKIETA REKORDU
podpole kontrolne o stałej długości 01049nam a2200289 i 4500
001 - NUMER KONTROLNY REKORDU
pole kontrolne bg
020 ## - MIĘDZYNARODOWY ZNORMALIZOWANY NUMER KSIĄŻKI - ISBN
ISBN 8387621498 (t. 14)
020 ## - MIĘDZYNARODOWY ZNORMALIZOWANY NUMER KSIĄŻKI - ISBN
ISBN 8386600373 (całość)
040 ## - ŹRÓDŁO KATALOGOWANIA
Instytucja, która utworzyła rekord BPK
041 0# - KOD JĘZYKA
Kod języka tekstu pl
080 ## - UNIWERSALNA KLASYFIKACJA DZIESIĘTNA - UKD
UKD 81(091)(03)
920 ## - Międzynarodowy znormalizowany numer książki – ISBN
ISBN 83-87621-49-8 (t. 14)
920 ## - Międzynarodowy znormalizowany numer książki – ISBN
ISBN 83-86600-37-3 (całość)
008 - POLE O STAŁEJ DŁUGOŚCI - DANE KONTROLNE
podpole kontrolne o stałej długości s pl f |000 0 pol
245 10 - TYTUŁ/ODPOWIEDZIALNOŚĆ
Oznaczenie części/sekcji dzieła T.14,
Tytuł części/sekcji dzieła Świat języków /
Tytuł Wielka encyklopedia geografii świata.
Pozostałe elementy strefy tytułu i oznaczenia odpowiedzialności kom. nauk. Andrzej Kostrzewski (przewodn.) [et al.] ; [aut. t .14] Witold Maciejewski ; [współudz. Alfred F. Majewicz, Jerzy Pogonowski, Robert Kasza]
260 ## - STREFA ADRESU WYDAWNICZEGO
Miejsce wydania Poznań :
Nazwa wydawcy/dystrybutora "Kurpisz",
Data publikacji, dystrybucji/powstania dokumentu cop. 1999.
300 ## - STREFA OPISU FIZYCZNEGO
Objętość [8], 359, [1] s. :
Inne cechy fizyczne faks., fot. kolor., mapy, nuty, portr., rys., 2 wykr.
Rozmiary 30 cm.
504 ## - UWAGA DOTYCZĄCA BIBLIOGRAFII
Informacje o bibliografii Bibliogr. s. 353-354.
650 #9 - HASŁO PRZEDMIOTOWE W FORMIE NAZWY OGÓLNEJ LUB JEDNOSTKOWEJ
Nazwa ogólna lub geograficzna Językoznawstwo
650 #9 - HASŁO PRZEDMIOTOWE W FORMIE NAZWY OGÓLNEJ LUB JEDNOSTKOWEJ
Nazwa ogólna lub geograficzna Języki
Określnik ogólny historia
700 1# - HASŁO DODATKOWE - NAZWA OSOBOWA
Nazwa osobowa KOSTRZEWSKI, Andrzej.
Określenie związku między hasłem a opisywanym materiałem Red.
700 1# - HASŁO DODATKOWE - NAZWA OSOBOWA
Nazwa osobowa MACIEJEWSKI, Witold
700 1# - HASŁO DODATKOWE - NAZWA OSOBOWA
Nazwa osobowa MAJEWICZ, Alfred Franciszek
Daty związane z nazwą (1949- )
700 1# - HASŁO DODATKOWE - NAZWA OSOBOWA
Nazwa osobowa POGONOWSKI, Jerzy
700 1# - HASŁO DODATKOWE - NAZWA OSOBOWA
Nazwa osobowa KASZA, Robert
856 ## - LOKALIZACJA I DOSTĘP DO ELEKTRONICZNYCH DOKUMENTÓW ZDALNYCH
Link (URL) http://koha.tu.koszalin.pl/cgi-bin/koha/opac-detail.pl?biblionumber=34475
Tekst linku Katalog online BPK
942 ## - DODATKOWE ELEMENTY (KOHA)
Typ dokumentu Książka
Egzemplarze
Wycofany Status egzemplarza Uszkodzony Dostępność Lokalizacja stała Lokalizacja bieżąca Miejsce przechowywania Sygnatura Kod kreskowy Dział Typ dokumentu
      Tylko na miejscu Biblioteka Politechniki Koszalińskiej Biblioteka Politechniki Koszalińskiej Czytelnia BG 47786 01405071 8 Językoznawstwo Książka
© 2023 Biblioteka Politechniki Koszalińskiej :: KOHA